| 000 | 00772cam a2200253 a 4500 | ||
|---|---|---|---|
| 001 | 000005295 | ||
| 005 | 20200929151633.0 | ||
| 008 | 940204s2000 sp 001 p spa | ||
| 020 | _a8437611911 | ||
| 040 |
_aDO-SdBNP _bspa _cBNPHU |
||
| 082 |
_aPe863.44 _bB916u, 2000 |
||
| 100 | 1 |
_aBryce Echenique, Alfredo, _d1939- _915067 |
|
| 245 | 1 | 3 |
_aUn mundo para Julius / _cAlfredo Bryce Echenique ; edición, Julio Ortega. |
| 250 | _a3a ed. | ||
| 260 |
_aMadrid : _bCátedra, _c2000. |
||
| 300 |
_a635 p. ; _c18 cm. |
||
| 490 | 1 |
_aLetras hispánicas _v369 |
|
| 650 | 4 |
_aNovela peruana _912569 |
|
| 650 | 4 |
_aLiteratura peruana _93140 |
|
| 700 | 1 |
_aOrtega, Julio, _eed. _915068 |
|
| 830 | 0 |
_aLetras hispánicas ; _v369 _94208 |
|
| 910 | _aCatalogación derivada | ||
| 910 | _aWM | ||
| 999 |
_c5096 _d5096 |
||